Vista normal Vista MARC

Entrada Topical Term

Número de registros utilizados en: 1

001 - CONTROL NUMBER

  • control field: 3734

003 - CONTROL NUMBER IDENTIFIER

  • control field: OSt

005 - DATE AND TIME OF LATEST TRANSACTION

  • control field: 20200429182346.0

008 - FIXED-LENGTH DATA ELEMENTS

  • fixed length control field: 200429|| aca||aabn | a|a d

040 ## - CATALOGING SOURCE

  • Original cataloging agency: OSt
  • Transcribing agency: OSt

150 ## - HEADING--TOPICAL TERM

  • Topical term or geographic name entry element: Discursos presidenciales

670 ## - SOURCE DATA FOUND

  • Source citation: Work cat.: (OSt)4823: Colombia. Presidente (1992-1994 : Gaviria) 3733, Palabras del señor presidente Cesar Gaviria, en la instalación de la asamblea constituyente : , 1991